Marvel - Fiche personnage: Thor - Statistiques

Statistiques générales
  • Ce quiz a été pris 49 fois
  • Le résultat moyen est 22 sur 31
Statistiques - réponses
Hint Réponse % Correct
2011 Thor
100%
Frère adoptif Loki
98%
Thor (1) Loki
98%
Avengers Loki
98%
2012 Avengers
95%
2019 Avengers : Endgame
95%
Père Odin
95%
2018 Avengers : Infinity War
93%
2015 Avengers : L'Ère d'Ultron
88%
Avengers (3) Thanos
88%
Nationalité Asgardien
85%
Demi-sœur Hela
83%
Thor (3) Hela
83%
2022 Thor : Love and Thunder
83%
2017 Thor : Ragnarok
83%
Quel est le nom de son puissant marteau ? Mjølnir
80%
Et quel type d'arme obtient-il après avoir perdu celui-ci ? Une hache
80%
2013 Thor : Le Monde des ténèbres
78%
Avengers (2) Ultron
78%
Meilleur ami et gardien du Bifrost Heimdall
76%
Acteur Chris Hemsworth
73%
Nom complet Thor Odinson
73%
Ex petite-amie Jane Foster
61%
Thor (2) Malekith
49%
"Il a tué 80 personnes en deux jours. - Il a été… Adopté."
44%
Titre Dieu du Tonnerre
44%
Thor (4) Gorr le Boucher des Dieux
41%
Mère Frigga
39%
2016 (Scène post-générique) Doctor Strange
37%
Année de naissance 964
7%
Acteur (version jeune) Dakota Goyo
5%
Aucun quiz correspondant
Distribution des résultats
% des personnes avec chaque résultat
Percentile par nombre de réponses
Votre historique - résultats
Vous n’avez pas pris ce quiz